000 01599nam0a2200313 4500
001 RU\NLR\BIBL_A\022426476
005 20260405153629.0
035 _a(NLR Aleph) 022426476
090 _a13341204
_c13341204
100 _a20250114d1994 |||y0rusy50 ca
101 0 _akhk
102 _aRU
105 _aa z 000 y
181 0 _ai
_baxxe
182 0 _an
200 1 _aХакас тiлi
_e5-ӌi классха учебник
_eнааӌылалып, алтынӌызын сығарылча
_fЧанкова Любовь Герасимовна, Чанков Дмитрий Иванович, Карпов Венедикт Григорьевич
203 _aТекст
_bвизуальный
_cнепосредственный
205 _aдополн., 6-е
210 _aАғбан
_cХак. кн. изд-возы
_d1994
215 _a215,[1] с.
_cил.
_d22
541 1 _aХакасский язык
_eучебник для одиннадцатилетней сред. шк.
_zrus
686 1 _aШ163.45
700 1 _aЧанкова
_bЛ. Г.
_gЛюбовь Герасимовна
_4070
701 1 _aЧанков
_bД. И.
_cКандидат филол. наук, проф. кафедры хакас. филологии, заслуж. деятель науки Республики Хакасия
_f1925-2008
_gДмитрий Иванович
_4070
701 1 _4070
_7ca
_8rus
_aКарпов
_bВ. Г.
_cд-р филол. наук
_f1927-2019
_gВенедикт Григорьевич
_947566
_3RU\NLR\AUTH\7764637
852 _aNLR
_bОНЛ
_jХакас./3-540
942 _cBOOK
980 _aNB